Stand winterstop Eredivisie Nederland 2014/15 - Statistieken

Algemene statistieken
  • Deze quiz is 370 keer genomen
    322 sinds de laatste reset
  • De gemiddelde score is 7 van 18
Antwoordstatistieken
Hint Antwoord % Correct
2 Ajax
100%
1 PSV
100%
3 Feyenoord
98%
6 AZ
54%
5 FC Twente
51%
4 PEC Zwolle
48%
8 FC Groningen
33%
9 FC Utrecht
31%
10 Vitesse
28%
11 sc Heerenveen
26%
14 ADO Den Haag
20%
17 NAC Breda
20%
15 Heracles
17%
7 Cambuur
15%
12 Willem II
13%
13 Excelsior
12%
18 FC Dordrecht
12%
16 Go Ahead Eagles
9%
Geen overeenkomende quizzen gevonden
Scoreverdeling
Procent van Mensen met Elke Score
Percentiel versus Aantal Correcte Antwoorden
Uw Scoregeschiedenis
U heeft deze quiz nog niet genomen sinds de laatste reset